01292 a2200253 4500003000500000005001700005010001700022020002300039020002600062035002100088035002400109040000900133082001100142100002300153245007600176260003600252300003400288505052900322650003200851650003600883650002500919651001100944856008300955Nust20170207154044.0 a 2008009444 a0470136693 (cloth) a9780470136690 (cloth) a(OCoLC)212908931 a(OCoLC)ocn212908931 cNust00a005.111 aHolcombe, W. M. L.10aRunning an agile software development project -(E-BOOK)cMike Holcombe. aHoboken, N.J. :bWiley,cc2008. axiv, 312 p. :bill. ;c25 cm. aWhat Is an Agile Methodology? (page-1), Extreme Programming Outlined (page-19), Foundations: People and Teams Working Together (page-41), Starting an XP Project (page-73), Identifying Stories and Preparing to Build (page-119), Bringing the System Together as a Coherent Concept (page-153), Designing the System Tests (page-181), Units and Their Tests (page-215), Evolving the System (page-239), Documenting and Delivering the System (page-251), Reflecting on the Process (page-269), Lifestyle Matters (page-281).  0aAgile software development. 0aComputer softwarexDevelopment. 0aeXtreme programming. aE-BOOK413Table of contents onlyuhttp://www.loc.gov/catdir/toc/ecip0812/2008009444.html